| 000 | 00771nam a2200265Ia 4500 | ||
|---|---|---|---|
| 003 | OSt | ||
| 005 | 20221006144622.0 | ||
| 006 | a|||||r|||| 00| 0 | ||
| 007 | ta | ||
| 008 | 221006b |||||||| |||| 00| 0 eng d | ||
| 020 | _c489.00 | ||
| 024 | _a12,149 | ||
| 037 | _cTextual | ||
| 040 |
_aEASL _cEASL _beng |
||
| 041 |
_2eng _aeng |
||
| 082 | _aV41y7M96:g, M4 | ||
| 100 |
_aCHANG David W _9652442 |
||
| 245 | 0 | _aZhou enlai and deng xiaoping in the chinese leadership succession crisis | |
| 260 |
_aNew York _buniversity Press of America _c1984 |
||
| 300 |
_a386p. _ccm. |
||
| 650 |
_a Chouenlai _9652443 |
||
| 650 |
_aChina poltical and goverment _9652444 |
||
| 942 |
_hV41y7M96:g, M4 _cTEXL _2CC |
||
| 999 |
_c1080235 _d1080235 |
||